000 00569nam a2200193Ia 4500
008 240729s9999 xx 000 0 und d
022 _a2574-4593
245 0 _aJournal of Cutaneous Immunology and Allergy
260 _aSwitzerland
260 _bFrontiers Media S.A.
650 _a Dermatology | Medicine
650 _a Immunologic diseases. Allergy
650 _a Internal medicine
650 _a Specialties of internal medicine
650 _aMedicine
856 _uhttps://doaj.org/toc/d0bf625704d84e1dbb2483056c26e4ca
942 _2ddc
942 _cDOAJEJ
999 _c67406
_d67406
945 _a1
_bMadushi Gamage
_c1
_dMadushi Gamage